Armed with expertise (Record no. 35353)
[ view plain ]
| 000 -LEADER | |
|---|---|
| fixed length control field | 01616nam a2200361Ia 4500 |
| 082 04 - DEWEY DECIMAL CLASSIFICATION NUMBER | |
| Classification number | 300.72/073 |
| 100 1# - MAIN ENTRY--AUTHOR NAME | |
| Personal name | Rohde, Joy, |
| 245 10 - TITLE STATEMENT | |
| Title | Armed with expertise |
| 260 ## - PUBLICATION, DISTRIBUTION, ETC. (IMPRINT) | |
| Place of publication | Ithaca : |
| Name of publisher | Cornell University Press, |
| Year of publication | 2013. |
| 300 ## - PHYSICAL DESCRIPTION | |
| Number of Pages | x, 213 p. |
| 490 0# - SERIES STATEMENT | |
| Series statement | American institutions and society |
| 500 ## - GENERAL NOTE | |
| General note | "Published in association with the University of Virgina's Miller Center of Public Affairs." |
| 650 #0 - SUBJECT ADDED ENTRY--TOPICAL TERM | |
| Topical Term | Social sciences |
| Topical Term | Sociology, Military |
| Topical Term | Social sciences and state |
| Topical Term | Cold War |
| 856 40 - ELECTRONIC LOCATION AND ACCESS | |
| Uniform Resource Identifier | http://site.ebrary.com/lib/rucke/Doc?id=10742467 |
No items available.
